000 00740nam a2200217Ii 4500
003 JO-AjNU
008 230605s9999||||xx |||||||||||||| ||und||
017 _a1987/8982
040 _aJO-AjNU
_bara
_erda
_cJO-AjNU
041 _aara
050 1 4 _aKRM4619.M3388.1988
100 3 _aمصطفى، محمود محمود,
_eauthor
_944792
245 0 0 _aشرح قانون الأحوال الجنائية
250 _aط12
264 3 1 _aالقاهرة : مطبعة جامعة القاهرة والكتاب الجامعى، 1988
300 _a692ص
336 _atext
_btxt
_2rdacontent
337 _aunmediated
_bn
_2rdamedia
338 _avolume
_bnc
_2rdacarrier
650 4 _aقانون الإجراءات الجنائية -- مصر
_944793
999 _aA19368
_c22936
_d22936